000 00627nam a2200157Ia 4500
008 151213s9999 xx 000 0 und d
100 _aঅব্যাগিক শিরী ফরহাদ।
245 _aহামদর্দ বাংলাদেশ।
_cঅব্যাগিক শিরী ফরহাদ।
250 _a১ম স
260 _aঢাকা
_bরহামদর্দ ফাউন্ডেশন বাংলাদেশ।
_c2003
300 _a3470 p.
650 _aBangla
650 _aবিজ্ান।
700 _aঅব্যাগিক শিরী ফরহাদ।
999 _c2296
_d2296